| 000 | 01698cam a22003375a 4500 | ||
|---|---|---|---|
| 001 | 016627787 | ||
| 003 | Uk | ||
| 005 | 20160731155827.0 | ||
| 008 | 140206s2014 maua frb 000 0 eng|d | ||
| 015 |
_aGBB416920 _2bnb |
||
| 016 | 7 |
_a016627787 _2Uk |
|
| 020 | _a0124201121 (pbk.) | ||
| 020 | _a9780124201125 (pbk.) | ||
| 040 |
_aStDuBDS _beng _cStDuBDS _dEG-ScBUE |
||
| 082 | 0 | 4 |
_222 _a363.69 _bLAY |
| 100 | 1 |
_aLayne, Stevan P. _940567 |
|
| 245 | 1 | 0 |
_aSafeguarding cultural properties : _bsecurity for museums, libraries, parks, and zoos / _cStevan P. Layne. |
| 260 |
_aWaltham, Massachusetts : _aOxford : _bButterworth-Heinemann / Elsevier, _cc.2014. |
||
| 300 |
_axiv, 146 p. : _bill. ; _c24 cm. |
||
| 500 | _aIndex : p. 143-146. | ||
| 504 | _aIncludes bibliographical references. | ||
| 505 | _aEmergency preparedness -- Appendix -- Security officer code of conduct -- Personnel security -- Appendix -- Legal rights and restrictions -- Physical security -- Appendix -- Fire protection -- Customer service and visitor relations -- Emergency evacuations -- Theft prevention -- Documentation -- Protecting valuable collections -- Protecting rare book collections -- Unruly patrons and conflict resolution -- Use of force -- Workplace violence prevention -- Appendix -- Retail theft prevention and apprehension -- Special events protection. | ||
| 650 | 7 |
_aCultural property _xProtection. _2BUEsh _940568 |
|
| 650 | 7 |
_aMuseums _xManagement _2BUEsh _940569 |
|
| 650 | 7 |
_aLibrary administration. _2BUEsh _940571 |
|
| 650 | 7 |
_aParks _xManagement _2BUEsh _940570 |
|
| 650 | 7 |
_aZoos _xManagement _2BUEsh _940572 |
|
| 651 | _2BUEsh | ||
| 653 |
_bLLAAWW _cJuly2016 |
||
| 942 |
_2ddc _e22 _k363.69 LAY |
||
| 999 |
_c22084 _d22056 |
||